<?xml version="1.0" encoding="UTF-8"?>
<record
    xmlns:xsi="http://www.w3.org/2001/XMLSchema-instance"
    xsi:schemaLocation="http://www.loc.gov/MARC21/slim http://www.loc.gov/standards/marcxml/schema/MARC21slim.xsd"
    xmlns="http://www.loc.gov/MARC21/slim">

  <leader>00506nam a22001697a 4500</leader>
  <datafield tag="952" ind1=" " ind2=" ">
    <subfield code="0">0</subfield>
    <subfield code="1">0</subfield>
    <subfield code="2">ddc</subfield>
    <subfield code="4">0</subfield>
    <subfield code="7">0</subfield>
    <subfield code="8">NFIC</subfield>
    <subfield code="a">ASL</subfield>
    <subfield code="b">ASL</subfield>
    <subfield code="c">GEN</subfield>
    <subfield code="d">2021-10-14</subfield>
    <subfield code="e">ASB Library Collection</subfield>
    <subfield code="h">U-0282</subfield>
    <subfield code="l">0</subfield>
    <subfield code="o">297.61 HAK</subfield>
    <subfield code="p">112626</subfield>
    <subfield code="r">2021-10-14 00:00:00</subfield>
    <subfield code="t">C-1</subfield>
    <subfield code="w">2021-10-14</subfield>
    <subfield code="y">BK</subfield>
  </datafield>
  <datafield tag="999" ind1=" " ind2=" ">
    <subfield code="c">26587</subfield>
    <subfield code="d">26587</subfield>
  </datafield>
  <controlfield tag="003">BDDh-ASL</controlfield>
  <controlfield tag="005">20231015030648.0</controlfield>
  <controlfield tag="008">211014s1933    i  ||||| |||| 00| 0 u   d</controlfield>
  <datafield tag="040" ind1=" " ind2=" ">
    <subfield code="a">BDDh-ASL</subfield>
    <subfield code="c">BDDh-ASL</subfield>
  </datafield>
  <datafield tag="082" ind1=" " ind2=" ">
    <subfield code="a">297.61</subfield>
    <subfield code="b">HAK </subfield>
  </datafield>
  <datafield tag="100" ind1="1" ind2=" ">
    <subfield code="9">5033</subfield>
    <subfield code="a">Hai, Khwaja Abdul </subfield>
  </datafield>
  <datafield tag="245" ind1="1" ind2="0">
    <subfield code="a">Khulafa-e Arbaa : / &#x62E;&#x644;&#x641;&#x627;&#x621; &#x627;&#x631;&#x628;&#x639;&#x6C1; </subfield>
  </datafield>
  <datafield tag="260" ind1=" " ind2=" ">
    <subfield code="a">Delhi :</subfield>
    <subfield code="b">Jamia Millia Islamia Library , </subfield>
    <subfield code="c">1933. </subfield>
  </datafield>
  <datafield tag="300" ind1=" " ind2=" ">
    <subfield code="a">152 p. : </subfield>
    <subfield code="c">18 cm. </subfield>
  </datafield>
  <datafield tag="650" ind1=" " ind2="0">
    <subfield code="a">Caliphate </subfield>
    <subfield code="x">Islam</subfield>
    <subfield code="x">Khilafat</subfield>
    <subfield code="x">History </subfield>
    <subfield code="9">4819</subfield>
  </datafield>
  <datafield tag="942" ind1=" " ind2=" ">
    <subfield code="2">ddc</subfield>
    <subfield code="c">BK</subfield>
  </datafield>
</record>
